| 000 -LEADER |
| fixed length control field |
01203nam a22001577a 4500 |
| 008 - FIXED-LENGTH DATA ELEMENTS--GENERAL INFORMATION |
| fixed length control field |
211005b ||||| |||| 00| 0 eng d |
| 100 ## - MAIN ENTRY--PERSONAL NAME |
| Personal name |
Pratap, Kumar V. |
| 245 ## - TITLE STATEMENT |
| Title |
Are we creating outcomes similar to power sector by proliferating metro rail across cities in India? |
| 260 ## - PUBLICATION, DISTRIBUTION, ETC. (IMPRINT) |
| Place of publication, distribution, etc |
Vikalpa: The Journal for Decision Makers |
| 300 ## - PHYSICAL DESCRIPTION |
| Extent |
46(1), Jan-Mar, 2021: p.7-12 |
| 520 ## - SUMMARY, ETC. |
| Summary, etc |
Metro rails mitigate problems of pollution and congestion in crowded Indian cities and are therefore a priority of the government. However, they are also very expensive to build and operate, making their operations loss-making. With increasing proliferation of metro rails and their continuous losses, there would be a need for repeated bailout packages for the metro rail sector in India, similar to the case of the power sector. There are a number of measures that can be taken to mitigate this outcome as apparent from the example of Hong Kong Metro. – Reproduced |
| 650 ## - SUBJECT ADDED ENTRY--TOPICAL TERM |
| Topical term or geographic name as entry element |
Infrastructure, Indian infrastructure, Metro rail, Cost recovery in infrastructure, Value capture finance |
| 9 (RLIN) |
27909 |
| 773 ## - HOST ITEM ENTRY |
| Main entry heading |
Vikalpa: The Journal for Decision Makers |
| 906 ## - LOCAL DATA ELEMENT F, LDF (RLIN) |
| Subject DIP |
INFRASTRUCTURE - INDIA |
| 942 ## - ADDED ENTRY ELEMENTS (KOHA) |
| Item type |
Articles |